Our common land (Record no. 103450)

MARC details
000 -LEADER
fixed length control field 01400cam a2200277 4500
008 - FIXED-LENGTH DATA ELEMENTS--GENERAL INFORMATION
fixed length control field 040329n2003 000 0 eng u
020 ## - INTERNATIONAL STANDARD BOOK NUMBER
International Standard Book Number 0946574200
035 ## - SYSTEM CONTROL NUMBER
System control number (Sirsi) u125646
041 ## - LANGUAGE CODE
Language code of text/sound track or separate title eng
050 ## - LIBRARY OF CONGRESS CALL NUMBER
Classification number 333.32
-- 18
100 ## - MAIN ENTRY--PERSONAL NAME
Personal name Clayden, Paul
245 ## - TITLE STATEMENT
Title Our common land
Remainder of title the law and history of common land and village greens
250 ## - EDITION STATEMENT
Edition statement 5th ed.
260 ## - PUBLICATION, DISTRIBUTION, ETC.
Place of publication, distribution, etc. Henley-on-Thames
Name of publisher, distributor, etc. Open Spaces Society
Date of publication, distribution, etc. 2003
300 ## - PHYSICAL DESCRIPTION
Extent viii, 190p.
Dimensions 21cm.
350 ## - PRICE (NR) (BK AM CF MU VM SE) [OBSOLETE]
Price 25
520 ## - SUMMARY, ETC.
Summary, etc. This fifth edition has been updated to include key changes introduced by the Countryside and Rights of Way Act 2000 and government "Common land policy statement 2002". Provides chapters on the distribution of commons; commons registration; common land - the rights of parties; management and control of common land; the Countryside and Rights of Way Act 2000 - access provisions; statutory protection of common land; town and village greens; and the future of common land and village greens. Includes summaries of Common Land Forum and Common land policy statement proposals, extracts from statutes and statutory instruments and a table of cases. Bibliography.
650 ## - SUBJECT ADDED ENTRY--TOPICAL TERM
Topical term or geographic name entry element COMMONS REGISTRATION
650 ## - SUBJECT ADDED ENTRY--TOPICAL TERM
Topical term or geographic name entry element COUNTRYSIDE AND RIGHTS OF WAY ACT 2000
650 ## - SUBJECT ADDED ENTRY--TOPICAL TERM
Topical term or geographic name entry element TOWN GREENS
650 ## - SUBJECT ADDED ENTRY--TOPICAL TERM
Topical term or geographic name entry element PUBLIC ACCESS
650 ## - SUBJECT ADDED ENTRY--TOPICAL TERM
Topical term or geographic name entry element VILLAGE GREENS
650 ## - SUBJECT ADDED ENTRY--TOPICAL TERM
Topical term or geographic name entry element COMMON LAND
690 ## - LOCAL SUBJECT ADDED ENTRY--TOPICAL TERM (OCLC, RLIN)
Topical term or geographic name as entry element PROPERTY
942 ## - ADDED ENTRY ELEMENTS (KOHA)
Suppress in OPAC 0
Holdings
Withdrawn status Lost status Source of classification or shelving scheme Damaged status Not for loan Home library Current library Shelving location Date acquired Cost, normal purchase price Total Checkouts Full call number Barcode Date last seen Date last checked out Copy number Cost, replacement price Price effective from Koha item type
    Dewey Decimal Classification     London London Books 05/04/2004 25.00 17 333.32 CLA 30069152 06/08/2019 03/07/2009 1 25.00 06/08/2019 Book